Ladra /

Guardat en:
Dades bibliogràfiques
Autor principal: Bryon, Lucie (Autor)
Altres autors: Savino, Francesco, (1986- fumettista e traduttore) (Traductor)
Format: Llibre
Idioma:italià
Publicat: Milano : Bao Publishing, 2023
Etiquetes: Afegir etiqueta
Sense etiquetes, Sigues el primer a etiquetar aquest registre!

MARC

LEADER 00000nam a22000007i 4500
001 IT\ICCU\TO0\2118455
003 ItRI
005 20260115232057.0
008 230621s2023 it |||||| ||||| |||||c
020 |a 9788832738728 
040 |b ita  |c importazione bologna sebina 
041 7 |a ita  |2 ISO-639-2 
082 |a 741.5944  |9 FUMETTI, ROMANZI A FUMETTI, FOTOROMANZI, VIGNETTE, CARICATURE, STRISCE A FUMETTI. Francia e Principato di Monaco  |2 23 
100 1 |a Bryon, Lucie  |0 IT\ICCU\UBOV\087820  |4 aut 
240 1 0 |a Voleuse  |3 IT\ICCU\TO0\2118457  |9 Bryon, Lucie 
245 1 0 |a Ladra /  |c Lucie Bryon. 
260 |a Milano :  |b Bao Publishing,  |c 2023 
300 |a 203 p. :  |b fumetti ;  |c 23 cm 
500 |a Traduzione di Francesco Savino 
700 1 |a Savino, Francesco,  |d  (1986-  |c fumettista e traduttore)  |0 IT\ICCU\TO0V\727008  |4 trl 
942 |2 ddc  |c BK  |n 0 
952 |0 0  |1 0  |4 0  |6 F_741_594000000000000_BRY  |7 0  |9 19618  |a BO  |b BO  |d 2026-01-15  |i 21060  |l 0  |o F 741.594 BRY  |p BO21060  |r 2026-01-15 23:20:57  |w 2026-01-15  |x [Sebina 5] [1 v.]  |y BK  |z 1 v. 
999 |c 16720  |d 16720